000 00694cab a2200181 4500
001 ##L132508
008 060214n2006 000 0 eng u
035 _a(Sirsi) u132508
041 0 _aeng
245 0 0 _aResidential and regeneration
260 _c2006
490 0 _aProperty Week
_v71(6) 10 February 2006, 45-48(4)
520 _aLooks at the redevelopment of Woolwich Arsenal, whether the UK government housebuilding targets will see developments on green belt land, and residential land as a multiple of industrial and agricultural land.
590 _aIKA140206
650 2 4 _aWOOLWICH ARSENAL
690 _aPROPERTY-RESIDENTIAL PROPERTY-RESIDENTIAL PROPERTY DEVELOPMENT
942 _n0
999 _c76481
_d76481